000 00894nam a2200229 i 4500
001 46280
003 ES-MaACL
005 20251003164445.0
007 t|
008 030328s1964 sp ||||1| spa d
111 0 _aConcilio Vaticano (
_n2º.
_d1962-1965)
_9122
245 1 0 _aConcilio Vaticano II.
_nTomo 1º,
_pComentarios a la constitución sobre la sagrada liturgia /
_cedición dirigida por Casimiro Morcillo González.
260 _aMadrid :
_bEditorial Católica,
_c1964.
300 _aXVIII, 583 p ;
_c20 cm.
490 1 _aBiblioteca de Autores Cristianos ;
_v238. Sección II: Teología y Cánones
650 0 4 _aLiturgia.
_914683
700 1 _aMorcillo, Casimiro,
_d1904-1971
_983188
830 0 0 _aBiblioteca de autores cristianos
_v238. Sección II: Teología y Cánones
_9178679
852 _aES-MaACL
_jP-567-Ter
_bR.55997
852 _aES-MaACL
_jJ-233
999 _c46280
_d46280